Volibol / (Record no. 110373)

MARC details
000 -LEADER
campo de control de longitud fija 00674nam a2200217 4500
001 - NÚMERO DE CONTROL
campo de control 110373
003 - IDENTIFICADOR DE NÚMERO DE CONTROL
campo de control ES-MaACL
007 - CAMPO FIJO DE DESCRIPCIÓN FÍSICA--INFORMACIÓN GENERAL
campo de control de longitud fija t|
008 - DATOS DE LONGITUD FIJA--INFORMACIÓN GENERAL
campo de control de longitud fija 061121s1971 mx r ||||1| spa d
100 1# - ENTRADA PRINCIPAL--NOMBRE DE PERSONA
Nombre de persona Odeneal, William T.
9 (RLIN) 86522
245 10 - MENCIÓN DEL TÍTULO
Título Volibol /
Mención de responsabilidad, etc. William T. Odeneal, Harry E. Wilson, Mary Frances Kellam.
250 ## - MENCION DE EDICION
Mención de edición 1ª. ed.
260 ## - PUBLICACIÓN, DISTRIBUCIÓN, ETC.
Lugar de publicación, distribución, etc. México :
Nombre del editor, distribuidor, etc. Octavio Colmenares,
Fecha de publicación, distribución, etc. 1971.
300 ## - DESCRIPCIÓN FÍSICA
Extensión 78 p. :
Otras características físicas il. ;
Dimensiones 20 cm.
700 1# - ENTRADA AGREGADA--NOMBRE PERSONAL
Nombre de persona Wilson, Harry E.
9 (RLIN) 117031
700 1# - ENTRADA AGREGADA--NOMBRE PERSONAL
Nombre de persona Kellam, Mary Frances.
9 (RLIN) 67748
852 ## - LOCALIZACIÓN
Ubicación ES-MaACL
Número de control de estantería E-9268
Sublocalización o colección R.93718
852 ## - LOCALIZACIÓN
Ubicación ES-MaACL
Número de control de estantería E-9269
Sublocalización o colección R.93719
852 ## - LOCALIZACIÓN
Ubicación ES-MaACL
Número de control de estantería E-9270
Sublocalización o colección R.93720
852 ## - LOCALIZACIÓN
Ubicación ES-MaACL
Número de control de estantería E-9271
Sublocalización o colección R.93721
Holdings
Estatus retirado Estado de pérdida Estado de daño No para préstamo Biblioteca de origen Biblioteca actual Ubicación en estantería Fecha de adquisición Fuente de adquisición Total de préstamos Signatura topográfica completa Código de barras Visto por última vez Precio de reemplazo Tipo de ítem Koha
        Biblioteca del Ateneo de Madrid Biblioteca del Ateneo de Madrid Depósito 2 17/01/2008     E-9271 1115154 23/02/2023 23/02/2023 Libro impreso
        Biblioteca del Ateneo de Madrid Biblioteca del Ateneo de Madrid Depósito 2 17/01/2008     E-9268 1115151 23/02/2023 23/02/2023 Libro impreso
        Biblioteca del Ateneo de Madrid Biblioteca del Ateneo de Madrid Depósito 2 17/01/2008     E-9269 1115152 23/02/2023 23/02/2023 Libro impreso
        Biblioteca del Ateneo de Madrid Biblioteca del Ateneo de Madrid Depósito 2 17/01/2008     E-9270 1115153 23/02/2023 23/02/2023 Libro impreso